000 00643nam a2200229Ia 4500
003 OSt
005 20230602111830.0
008 210423s2016 xx 000 0 und d
020 _a978-93-82664-52-9
040 _cAL
041 _aeng
082 _a158.1 RAOI
100 _aRAO (R N)
_9118780
245 _aImprove your skills
260 _aJaipur
_bSatyam Publishers
_c2016
300 _a256
_bHB
365 _b1850
_cINR
650 _aApplied Psychology
_9118781
650 _aPsychology
_9118782
906 _acommunication ; digital ; Improve ; interpersonal ; listening ; negotiating ; skills ; writing ; your
942 _2ddc
_cBK
999 _c176491
_d176491